Quizzes
Events
Quiz Creation
Community
Videos
Private Events
Remove Ads
Sign In
Join for FREE
Feedback
Dark Mode
Quiz Categories
Sports
Geography
Music
Movies
Television
Just For Fun
Miscellaneous
History
Literature
Language
Science
Gaming
Entertainment
Religion
Holiday
For Kids
Quiz Lab
Recent
Popular Today
Quiz Kudos Today
Editor Picks
Curator Picks
Quizzes by...
Day
Popularity
Type
Ratings
Length
Year
Community
Subscriptions
Recent Discussions
Orange Saloon
Badges
Playlists
Quests
Create
Leaderboards
Showdown
Live 5
Trivia Bingo
Activity
Puzzle Library
Sporcle Events
Private Events
Virtual Trivia
Globe League
Become a Host
Pub Owners
SporcleCon
Opinionation
Our Games
Videos
Blog
Mobile Apps
Partnerships
Remove Ads and Go Orange
Feedback
Music
Pop Music
The Beatles
Song
Album
Lyrics
Bands
Singers
Artist
Clip
Rock
Rap
Classical
Billboard
Country Music
Kpop
Taylor Swift
Music
Pop Music
The Beatles
Song
Album
Lyrics
Bands
Singers
Artist
Clip
Rock
Rap
Classical
Billboard
Country Music
Kpop
Taylor Swift
Random Quiz
Search Sporcle
×
Quiz Lab
Quiz Lab
Music
Album
Type in answers that appear in a list
Type in answers that appear in a list
Classic
Best Score? Go Orange.
Tinashe songs Stats
Name the songs from Tinashe's albums and mixtapes
By
Danity
18m
124 Questions
416 Plays
416 Plays
416 Plays
Comments
Comments
Give Quiz Kudos
Give Quiz Kudos
-
- Ratings
hide this ad
Replay
Link that replays current quiz
Next Quiz
Link to next quiz in quiz playlist
You Got
0%
They Got
Avg Score
42%
Avg Friend Score
Upgrade to see
Score Distribution
Jump to the score distribution portion of the page
Score
0/124
Timer
18:00
0
Plays Today
Hint
Answer
% Correct
Aquarius
2 On (feat. ScHoolboy Q)
92.8%
333
333 (feat. Absolutely)
89.9%
Joyride
Joyride
87.7%
Aquarius
Aquarius
87.2%
333
Bouncin'
85.1%
Songs for You
Save Room for Us (feat. MAKJ)
84.5%
Songs for You
You
83.3%
333
X (feat. Jeremih
82.4%
Joyride
No Drama (feat. Offset)
81.8%
Songs for You
Feelings
81.6%
Songs for You
Cash Race
80.5%
Songs for You
Hopscotch
79.9%
333
Angels (feat. Kaash Paige)
79.1%
Aquarius
All Hands on Deck
78.8%
333
I Can See the Future
77.7%
Songs for You
Link Up
77.6%
Songs for You
Know Better
77%
Songs for You
Stormy Weather
76.4%
Joyride
Me So Bad (feat. Ty Dolla $ign & French Montana)
75.9%
Songs for You
So Much Better (with G-Eazy)
75.9%
Nightride
Company
75.4%
333
Last Call
75%
333
Pasadena (feat. Buddy)
75%
Songs for You
Remember When
74.7%
333
Bouncin', Pt. 2
73.6%
Aquarius
Cold Sweat
72.5%
333
The Chase
72.3%
Aquarius
Bet (feat. Devonté Hynes)
72%
Songs for You
Perfect Crime
71.8%
333
Let Go
71.6%
333
It's a Wrap (feat. Quiet Child & Kudzai)
71.6%
Songs for You
Story of Us
71.3%
Songs for You
Touch & Go (with 6LACK
71.3%
Songs for You
Die a Little Bit (feat. Ms Banks)
70.7%
333
Undo (Back to My Heart) (with Wax Motif)
70.3%
Reverie
Reverie
69.6%
Songs for You
Life's Too Short
69%
333
Shy Guy
68.9%
333
Unconditional (with Kaytranada)
68.9%
Black Water
Black Water
68.7%
Joyride
Faded Love (feat. Future)
68.2%
Nightride
Party Favors
67.9%
Hint
Answer
% Correct
Aquarius
Pretend (feat. A$AP Rocky)
67.5%
Nightride
C'est La Vie
66.4%
Nightride
Ghetto Boy
66.4%
Aquarius
How Many Times (feat. Future)
66.3%
Nightride
Ride of Your Life
66%
Aquarius
Feels Like Vegas
65.8%
Aquarius
The Storm (Outro)
65.5%
Aquarius
Bated Breath
65.3%
Joyride
Ooh La La
64.5%
Aquarius
Wildfire
64.3%
Nightride
Lucid Dreaming
64.2%
333
Small Reminders
62.8%
Joyride
Salt
62.7%
333
Let Me Down Slowly
61.5%
Nightride
Sunburn
61.1%
Aquarius
Thug Cry
61%
Joyride
Stuck with Me (feat. Little Dragon)
60.5%
Joyride
Fire and Flames
60%
Nightride
Touch Pass
59.2%
Joyride
Keep Your Eyes on the Road (Intro)
59.1%
Nightride
Sacrifices
58.6%
Nightride
Binaural Test (Interlude)
57.3%
Joyride
He Don't Want It
57.3%
Aquarius
Far Side of the Moon
56.9%
In Case We Die
Boss
56.4%
Joyride
No Contest
56.4%
Black Water
Vulnerable (feat. Travi$ Scott)
55.7%
Nightride
Spacetime
55.1%
Reverie
Ecstasy
54.9%
Nightride
Soul Glitch
54.8%
In Case We Die
Chainless
53.7%
Aquarius
Indigo Child (Interlude)
53.7%
Aquarius
Nightfall (Interlude)
52%
In Case We Die
This Feeling
50.6%
Black Water
Midnight Sun
49.2%
Nightride
You Don't Know Me
48%
Amethyst
Dreams Are Real
48%
Amethyst
Worth It (feat. Iamsu)
47.5%
Nightride
High Speed Chase (Interlude)
47%
Nightride
You Can Stay Here Tonight (Interlude)
47%
Joyride
Ain't Good for Ya (Interlude)
46.8%
In Case We Die
Let You Love Me
46.7%
Hint
Answer
% Correct
Reverie
Stargazing
46.7%
Reverie
Let You Love Me (Xxyyxx Remix)
46.7%
Amethyst
Looking 4 It
46%
Amethyst
Wrong
45.1%
Aquarius
Deep in the Night (Interlude)
45.1%
Aquarius
The Calm (Interlude)
45.1%
In Case We Die
The Last Night on Earth
44.6%
Reverie
Who Am I Working For?
43.9%
Black Water
Stunt
43.9%
In Case We Die
That
43.6%
Reverie
Slow
43.6%
Reverie
Another Me
43.1%
In Case We Die
My High
42.4%
Black Water
Secret Weapon
42.4%
Black Water
1 for Me
42.4%
Joyride
Go Easy on Me (Interlude)
42.3%
Amethyst
Wanderer
41.9%
Reverie
Yours
41.7%
Black Water
Fugitive
41.7%
Black Water
Just a Taste
41.7%
Amethyst
Something to Feel
41.4%
Reverie
Fear Not
41.2%
Amethyst
Just the Way I Like You
40.7%
Black Water
Middle of Nowhere
40.5%
Aquarius
What Is There to Lose (Interlude)
40.5%
Reverie
Come When I Call
40%
In Case We Die
Crossing the Cosmo
39.3%
In Case We Die
I Tried
38.3%
Black Water
Ain't Ready...
38.1%
Black Water
Video Tapes
37.3%
In Case We Die
Another Season
36.4%
In Case We Die
Stumble
36.4%
Reverie
I'm Selfish
36.4%
In Case We Die
Heaven
35.9%
Black Water
Daybreak
32.8%
In Case We Die
Biding My Time
32.5%
Black Water
Before the Storm
32.3%
In Case We Die
Fading
31.3%
Reverie
Illusions
30.4%
In Case We Die
The Will to Survive
30.1%
Quiz Playlist
Details
Report
Send in Message
Add To Playlist
Classic:
Type in answers that appear in a list
Last Updated: Dec 11, 2021
Quiz Scoreboard
CHALLENGE
Sign Up to Join the Scoreboard
Show All
Scores
Hide
Comments
May contain spoilers
Recently Published
Presidents Visiting Landmarks
by Hejman
History
7m
An Introduction to Baseball
by treessimontrees
Sports
5m
Movies - When Are They Set?
by FPL_Elf
Movies
5m
More to Explore
Quiz From the Vault
Featured Blog Post
Where Did the Easter Bunny Come From?
hide this ad
You Might Also Like...
Tags
Album Quiz
Song Quiz
Today's Top Quizzes in Music
Browse Music
hide this ad
Today's Top Quizzes in Album
Browse Album
Top Contributed Quizzes in Music
1
Taylor Swift All Songs (2024)
2
Guess the Artist- 70s Songs
3
Taylor Swift Logic Puzzle
4
KPOP LOGIC QUIZ
5
One Thing in Common: Music
6
2010s Album by Cover III
7
7-to-1: Billboard Hot 100 #1 Hits of 2010s
8
Guess the Taylor Swift song (Mystery Song)
9
Sorting Albums and Songs
10
2000s Album Cover Bunker
Explore More
Trending Topics
NBA
Harry Potter
Anime
Kpop
Crossword
Marvel
Disney
WWE
Pokémon
Country
Song
The Office
NFL
Puzzle
Soccer
hide this ad
More By:
Danity
Quiz
Plays
Rating
Category
Featured
Created
Tinashe songs
416
5.00
Music
Apr 7, 2015
Go to Creator's Profile
Score Distribution
Quiz Creator Spotlight
Danity
Follow
Send a Message
Quizzes Created
-
Created Quiz Play Count
-
More By This Creator
Popular Quizzes Today
1
Find the US States - No Outlines Minefield
2
Find the Countries of Europe - No Outlines Minefield
3
The Countries of the World
4
Find the US States
5
Popular People in 1961
6
US States
7
Risky Map Clicking: Biggest States A-Z
8
1-10 Letter E Words III
More Music Quizzes
Itzy in Age Order
Quiz Lab
Trending Quizzes
Risky Map Clicking: Least Populous States A-Z
1-10 Letter G Words
1-10 Letter F Words
Risky Map Clicking: Next State Alphabetically
Risky Map Clicking: Biggest States A-Z
Recently Updated
Leaping Animals
pecheneg
Reality TV Shows (A-Z)
bhenderson79
Rickey Henderson's Hall of Fame Teammates
pecheneg
Champions League XIs: Arsenal
pecheneg
Quick Pick: Celebrities in WWE's Hall of Fame
aduchscher
A-Z Keypad Blitz II
pecheneg
Multiple Oscar Actors
pecheneg
Mystery Phrase Blitz: Oscar 'Best Actors'
pecheneg
F. Scott Fitzgerald Novels
LTH
Pick 3 Villains
ddd62291
Trending Topics
Kpop
Harry Potter
Anime
Marvel
NBA
Crossword
Disney
NFL
The Office
Country
Song
Soccer
Puzzle
WWE
Pokémon
Your Account Isn't Verified!
In order to create a playlist on Sporcle, you need to verify the email address you used during registration. Go to your
Sporcle Settings
to finish the process.
Report this User
Report this user for behavior that violates our
Community Guidelines
.
Details:
Send Report
Go to the Sporcle.com Mobile Site →
Comments